000 00658nam a2200181Ia 4500
003 STCL
008 181203s9999 xx 000 0 und d
020 _a9780198070016
040 _aSTCL
_bEN
_cSTCL
082 _222
100 _aHasan, Mushirul
245 4 _aThe Mushirul Hasan Omnibus
246 _aModerate or Militant: Images of India's Muslims; From Pluralism to Separatism: Qasbas in Colonial Awadh; A Moral Reckoning: Muslim Intellectuals in Nineteenth-century Delhi; Legacy of a Divided Nation: India's Muslims since Independence
260 _bOxford University Press
_aNew Delhi
_c2010
300 _a383
546 _aEnglish
942 _2ddc
_cBK
999 _c83695
_d83695